|
|
|
|
| LEADER |
00716nam a22001931 4500 |
| 001 |
c000201060 |
| 003 |
CARM |
| 005 |
20021125001900.0 |
| 008 |
851113s1952 sz 0 ger d |
| 019 |
1 |
|
|a 4118564
|5 LACONCORD2021
|
| 035 |
|
|
|a (OCoLC)7580847
|5 LACONCORD2021
|
| 100 |
1 |
|
|a Hürlimann, Martin,
|d 1897-
|
| 245 |
1 |
0 |
|a Italien :
|b Bilder seiner Landschaft und Kultur.
|
| 260 |
|
|
|a Zurich :
|b Atlantis Verlag,
|c 1952.
|
| 651 |
|
0 |
|a Italy
|x Description and travel.
|
| 852 |
8 |
|
|b CARM
|h A2:AG01H0
|i F00994
|p 0302458
|f BK
|
| 082 |
0 |
4 |
|a 914.5
|
| 999 |
f |
f |
|i 76f34491-248b-5067-8744-891774641056
|s 0f791c68-9087-5863-a459-3927105a32f6
|
| 952 |
f |
f |
|p Can circulate
|a CAVAL
|b CAVAL
|c CAVAL
|d CARM 1 Store
|e F00994
|f A2:AG01H0
|h Other scheme
|i book
|m 0302458
|